00229nam a2200097Ia 4500008004100000041000800041100001600049245003800065650000900103999001900112230605s9999 xx 000 0 und d aeng aworthington aNutrition throught the life cycle aC.S. c417331d417331